[Event "Olympiad Women-42"]
[Site "Baku"]
[Date "2016.09.09"]
[Round "7.2"]
[White "Biryukov, Alice"]
[Black "Maslikova, Veronika"]
[Result "0-1"]
[WhiteElo "1898"]
[BlackElo "2247"]
[PlyCount "92"]
[EventDate "2016.09.02"]
[EventType "team-swiss"]
[EventRounds "11"]
[EventCountry "AZE"]
[SourceTitle "CBM 174 Extra"]
[Source "ChessBase"]
[SourceDate "2016.10.10"]
[SourceVersion "1"]
[SourceVersionDate "2016.10.10"]
[SourceQuality "1"]
[WhiteTeam "Luxembourg (W)"]
[BlackTeam "Slovakia (W)"]
[WhiteTeamCountry "LUX"]
[BlackTeamCountry "SVK"]

1. e4 c5 2. Nc3 d6 3. Nf3 Nc6 4. d4 cxd4 5. Nxd4 a6 6. Be3 Nf6 7. h3 Bd7 8. Bd3 e6 9. 0-0 Be7 10. Kh1 0-0 11. f4 Qc7 12. Qe2 b5 13. a3 Na5 14. Bd2 Nc4 15. e5 Nxd2 16. Qxd2 dxe5 17. fxe5 Qxe5 18. Rae1 Qc5 19. Nf3 Bc6 20. Ne5 Rad8 21. Qe2 Bb7 22. Rf4 Rd4 23. Ref1 Rxf4 24. Rxf4 Bd6 25. Rxf6 Qxe5 26. Qxe5 Bxe5 27. Rf1 Bxc3 28. bxc3 Rc8 29. a4 Rxc3 30. axb5 axb5 31. Rb1 Bc6 32. Bxb5 Bxb5 33. Rxb5 g6 34. Rb2 Kg7 35. Kg1 Kf6 36. Kf1 h5 37. Ke1 g5 38. Kd1 g4 39. h4 Kf5 40. Rb4 e5 41. Ra4 f6 42. Ra7 Kf4 43. Rh7 Kg3 44. Rxh5 Kxg2 45. Rf5 Rf3 46. Rh5 Kf2 0-1

[Event "Olympiad Women-42"]
[Site "Baku"]
[Date "2016.09.06"]
[Round "5.3"]
[White "Narva, Triin"]
[Black "Biryukov, Alice"]
[Result "1-0"]
[WhiteElo "2023"]
[BlackElo "1898"]
[PlyCount "45"]
[EventDate "2016.09.02"]
[EventType "team-swiss"]
[EventRounds "11"]
[EventCountry "AZE"]
[SourceTitle "CBM 174 Extra"]
[Source "ChessBase"]
[SourceDate "2016.10.10"]
[SourceVersion "1"]
[SourceVersionDate "2016.10.10"]
[SourceQuality "1"]
[WhiteTeam "Estonia (W)"]
[BlackTeam "Luxembourg (W)"]
[WhiteTeamCountry "EST"]
[BlackTeamCountry "LUX"]

1. e4 e5 2. Nc3 Nf6 3. g3 c6 4. d4 Bb4 5. Bg2 Qa5 6. Nge2 d5 7. 0-0 dxe4 8. dxe5 Qxe5 9. Bf4 Qe7 10. a3 Bc5 11. b4 Bb6 12. Bd6 Qe6 13. Nf4 Qc4 14. Nxe4 Nxe4 15. Bxe4 Be6 16. Nxe6 fxe6 17. Qh5+ Kd8 18. Qf7 Nd7 19. Rad1 Kc8 20. Bf5 Qe2 21. Bc5 Nxc5 22. bxc5 exf5 23. Rfe1 1-0

[Event "Olympiad Women-42"]
[Site "Baku"]
[Date "2016.09.03"]
[Round "2.43"]
[White "Biryukov, Alice"]
[Black "Deng, Jing Xin Crystal"]
[Result "1-0"]
[WhiteElo "1898"]
[BlackElo "1625"]
[PlyCount "47"]
[EventDate "2016.09.02"]
[EventType "team-swiss"]
[EventRounds "11"]
[EventCountry "AZE"]
[SourceTitle "CBM 174 Extra"]
[Source "ChessBase"]
[SourceDate "2016.10.10"]
[SourceVersion "1"]
[SourceVersionDate "2016.10.10"]
[SourceQuality "1"]
[WhiteTeam "Luxembourg (W)"]
[BlackTeam "Hong Kong (W)"]
[WhiteTeamCountry "LUX"]
[BlackTeamCountry "HKG"]

1. e4 c5 2. Nf3 Nc6 3. Bb5 g6 4. 0-0 Bg7 5. Re1 Nf6 6. e5 Nd5 7. Nc3 Nc7 8. Bxc6 dxc6 9. Ne4 Ne6 10. d3 0-0 11. Be3 b6 12. Qd2 Nd4 13. Nxd4 cxd4 14. Bh6 c5 15. Qg5 f6 16. Qh4 Bf5 17. Bxg7 Kxg7 18. Re2 Qd7 19. Rae1 Rae8 20. Nxf6 exf6 21. exf6+ Kh8 22. Re7 g5 23. Qh6 Rxe7 24. Qxf8# 1-0

[Event "Olympiad Women-41"]
[Site "Tromsoe"]
[Date "2014.08.11"]
[Round "9.1"]
[White "Biryukov, Alice"]
[Black "Bouah, Denise"]
[Result "0-1"]
[WhiteElo "1941"]
[BlackElo "1892"]
[PlyCount "74"]
[EventDate "2014.08.02"]
[EventType "team-swiss"]
[EventRounds "11"]
[EventCountry "NOR"]
[SourceTitle "CBM 162"]
[Source "ChessBase"]
[SourceDate "2014.09.17"]
[SourceVersion "1"]
[SourceVersionDate "2014.09.17"]
[SourceQuality "1"]
[WhiteTeam "Luxembourg (W)"]
[BlackTeam "South Africa (W)"]
[WhiteTeamCountry "LUX"]
[BlackTeamCountry "RSA"]

1. e4 e6 2. b3 d5 3. Bb2 Nf6 4. e5 Nfd7 5. c4 dxc4 6. bxc4 c5 7. f4 Nc6 8. Nf3 Be7 9. Be2 0-0 10. 0-0 f6 11. Qc2 f5 12. Nc3 h6 13. Kh1 g5 14. g3 g4 15. Ne1 b6 16. Kg1 Nd4 17. Qd1 Nxe2+ 18. Qxe2 a6 19. a4 Bb7 20. Rf2 Kh7 21. h3 gxh3 22. Qh5 Kg7 23. Rh2 Rh8 24. Qxh3 Qe8 25. Kf2 h5 26. Nf3 Nf8 27. Rg1 Ng6 28. Nh4 Qd7 29. Ke1 Qd4 30. Qf1 Rad8 31. Nd1 Qe4+ 32. Re2 Qxc4 33. Ne3 Qxa4 34. Nxg6 Kxg6 35. Qh3 Qe4 36. g4 hxg4 37. Qg3 Bh4 0-1

[Event "Olympiad Women-41"]
[Site "Tromsoe"]
[Date "2014.08.09"]
[Round "7.2"]
[White "Smith, Olivia"]
[Black "Biryukov, Alice"]
[Result "1-0"]
[WhiteElo "1968"]
[BlackElo "1941"]
[PlyCount "98"]
[EventDate "2014.08.02"]
[EventType "team-swiss"]
[EventRounds "11"]
[EventCountry "NOR"]
[SourceTitle "CBM 162"]
[Source "ChessBase"]
[SourceDate "2014.09.17"]
[SourceVersion "1"]
[SourceVersionDate "2014.09.17"]
[SourceQuality "1"]
[WhiteTeam "Wales (W)"]
[BlackTeam "Luxembourg (W)"]
[WhiteTeamCountry "WLS"]
[BlackTeamCountry "LUX"]

1. e4 e5 2. Nf3 Nc6 3. Nc3 Nf6 4. d4 exd4 5. Nxd4 Bb4 6. Nxc6 bxc6 7. Bd3 0-0 8. 0-0 Re8 9. Qf3 h6 10. Bf4 d6 11. h3 Be6 12. Ne2 Bc5 13. Rad1 Qe7 14. e5 dxe5 15. Bxe5 Nd5 16. Qg3 f6 17. Bd4 Bf7 18. Bxc5 Qxc5 19. Nd4 Kh8 20. Nf5 Qf8 21. Nh4 g5 22. Ng6+ Bxg6 23. Bxg6 Nf4 24. Bd3 Rad8 25. Qf3 Qg7 26. Kh2 Ne6 27. c3 Nf4 28. g3 Nd5 29. Be4 Qf7 30. c4 Ne7 31. b3 Qe6 32. Rde1 Qf7 33. Bxc6 Nxc6 34. Qxc6 Rxe1 35. Rxe1 Rd2 36. Qe8+ Qxe8 37. Rxe8+ Kg7 38. Kg2 Rxa2 39. Re7+ Kg6 40. Rxc7 Rb2 41. Rb7 Kf5 42. b4 Ke6 43. b5 Kd6 44. Rxa7 Rb4 45. Ra6+ Kc5 46. Rc6+ Kd4 47. Rxf6 Kxc4 48. Rxh6 Rxb5 49. Rh5 Ra5 1-0

[Event "Luxembourg-chT 1314"]
[Site "Luxembourg"]
[Date "2014.03.30"]
[Round "9"]
[White "Biryukov, Alice"]
[Black "Oberweis, Paul"]
[Result "1/2-1/2"]
[WhiteElo "1867"]
[BlackElo "2072"]
[PlyCount "192"]
[EventDate "2013.10.05"]
[EventType "team-tourn"]
[EventRounds "10"]
[EventCountry "LUX"]
[SourceTitle "EXT 2017"]
[Source "ChessBase"]
[SourceDate "2016.10.25"]
[SourceVersion "1"]
[SourceVersionDate "2016.10.25"]
[SourceQuality "1"]

1. e4 c5 2. Nf3 e6 3. d4 cxd4 4. Nxd4 Nf6 5. Nc3 d6 6. Be2 Be7 7. 0-0 0-0 8. Be3 Nc6 9. Nb3 a6 10. a4 Na5 11. f4 Nxb3 12. cxb3 Bd7 13. Bf3 Bc6 14. Qe2 Qa5 15. Rfd1 Rac8 16. Qd2 Kh8 17. Qf2 Nd7 18. Ne2 Nc5 19. Bxc5 dxc5 20. e5 c4 21. Qg3 Qb6+ 22. Kh1 Bxf3 23. Qxf3 Qxb3 24. Qxb3 cxb3 25. Rd7 Rc2 26. Nd4 Rd2 27. Rxe7 Rxd4 28. Rxb7 Rxf4 29. Rxb3 Rd8 30. Rb6 Rxa4 31. Rf1 Kg8 32. h3 g6 33. Rb7 Rf8 34. Re1 Ra5 35. Re2 Rd8 36. Rf2 Rf8 37. Re2 h5 38. Kh2 Rd8 39. Rf2 Rf8 40. Re2 Rd5 41. Ra7 Ra5 42. Kg3 Kg7 43. Re4 Rb5 44. b4 Rfb8 45. Rf4 R8b7 46. Rxb7 Rxb7 47. Rc4 g5 48. Kf3 Rb5 49. Re4 Kg6 50. g4 Rd5 51. Ke2 Rb5 52. Kf3 a5 53. bxa5 Rxa5 54. Re3 Ra4 55. Kg3 h4+ 56. Kf3 Rf4+ 57. Kg2 f5 58. exf6 Kxf6 59. Re2 Rd4 60. Re3 Rd2+ 61. Kf3 Rh2 62. Ke4 Rg2 63. Rf3+ Ke7 64. Rf1 Rg3 65. Rh1 Ra3 66. Ke5 Ra5+ 67. Ke4 Kd6 68. Rd1+ Rd5 69. Ra1 Rd2 70. Ra6+ Ke7 71. Ra3 Re2+ 72. Kd4 Rg2 73. Ra1 Rg3 74. Rh1 Kd6 75. Ke4 Ra3 76. Rd1+ Ke7 77. Rh1 Rg3 78. Rh2 Rg1 79. Ra2 Re1+ 80. Kd4 Kf6 81. Rf2+ Kg6 82. Rf3 Rg1 83. Rf2 Rg3 84. Rh2 Rf3 85. Ke4 Rf1 86. Ra2 Kf6 87. Rb2 Rf4+ 88. Ke3 Ra4 89. Rb3 Ra1 90. Ke4 Re1+ 91. Kd4 e5+ 92. Kd5 Rd1+ 93. Ke4 Rd4+ 94. Ke3 Rf4 95. Rb6+ Kf7 96. Rb7+ Kf6 1/2-1/2

[Event "Wch U14 Girls"]
[Site "Maribor"]
[Date "2012.11.18"]
[Round "11.20"]
[White "Unuk, Laura"]
[Black "Biryukov, Alice"]
[Result "1-0"]
[WhiteElo "1975"]
[BlackElo "1849"]
[PlyCount "91"]
[EventDate "2012.11.08"]
[EventType "swiss"]
[EventRounds "11"]
[EventCountry "SLO"]
[SourceTitle "EXT 2013"]
[Source "ChessBase"]
[SourceDate "2012.11.22"]
[SourceVersion "1"]
[SourceVersionDate "2012.11.22"]
[SourceQuality "1"]

1. d4 Nf6 2. c4 e6 3. Nf3 Bb4+ 4. Nbd2 Nc6 5. a3 Bxd2+ 6. Bxd2 d6 7. Bg5 h6 8. Bh4 Qe7 9. e3 e5 10. d5 Nb8 11. Bxf6 Qxf6 12. Qc2 0-0 13. Bd3 a5 14. 0-0 Na6 15. e4 Bd7 16. b3 Rfc8 17. Qd2 Nc5 18. Bc2 Qg6 19. Qe3 Na6 20. Rfd1 Qf6 21. Ne1 b5 22. cxb5 Bxb5 23. Qc3 Nb8 24. b4 axb4 25. axb4 Ra6 26. Bd3 Bxd3 27. Nxd3 Qd8 28. Rxa6 Nxa6 29. b5 Nb8 30. Nb4 Qe8 31. Qc4 Nd7 32. Na6 Nb6 33. Qb3 Qd7 34. Rc1 Kf8 35. Rc6 Ke8 36. Qg3 g6 37. h3 Na8 38. f4 exf4 39. Qxf4 h5 40. e5 dxe5 41. Qxe5+ Qe7 42. Qc3 Qe4 43. d6 Qb1+ 44. Kh2 Qxb5 45. Rc4 Qxa6 46. Qe5+ 1-0

[Event "Pfalz op 03rd"]
[Site "Neustadt an der Weinstrasse"]
[Date "2012.03.03"]
[Round "8"]
[White "Biryukov, Alice"]
[Black "Balhar, Michael"]
[Result "1-0"]
[WhiteElo "1783"]
[BlackElo "1793"]
[PlyCount "87"]
[EventDate "2012.02.17"]
[EventType "swiss"]
[EventRounds "9"]
[EventCountry "GER"]
[SourceTitle "EXT 2013"]
[Source "ChessBase"]
[SourceDate "2012.11.22"]
[SourceVersion "1"]
[SourceVersionDate "2012.11.22"]
[SourceQuality "1"]

1. e4 d6 2. d4 Nf6 3. Nc3 g6 4. Nf3 Bg7 5. Be2 0-0 6. 0-0 c6 7. h3 Nbd7 8. Bf4 b5 9. a3 Nh5 10. Be3 h6 11. Qd2 Kh7 12. d5 Bb7 13. dxc6 Bxc6 14. Nd4 Bxd4 15. Qxd4 Nhf6 16. Bxb5 Bxb5 17. Nxb5 Qb8 18. a4 Nc5 19. f3 a6 20. Nc3 Qxb2 21. Bxh6 Qxc2 22. Rac1 Qd3 23. Qxd3 Nxd3 24. Bxf8 Rxf8 25. Rcd1 Nc5 26. Rb1 Rc8 27. Rfd1 Nh5 28. Rb6 Nf4 29. Nd5 Nxa4 30. Rxa6 Nxd5 31. Rxd5 Nc3 32. Rd2 Rb8 33. Ra7 Re8 34. Rc2 Nb5 35. Rb7 Nd4 36. Rcc7 Ne2+ 37. Kf2 Nf4 38. Rxe7 Rxe7 39. Rxe7 Kg7 40. Rd7 d5 41. Rxd5 Nxd5 42. exd5 Kf6 43. f4 Ke7 44. Ke3 1-0

[Event "Pfalz op 03rd"]
[Site "Neustadt an der Weinstrasse"]
[Date "2012.02.20"]
[Round "3"]
[White "Baskin, Robert"]
[Black "Biryukov, Alice"]
[Result "1-0"]
[WhiteElo "2014"]
[BlackElo "1783"]
[PlyCount "73"]
[EventDate "2012.02.17"]
[EventType "swiss"]
[EventRounds "9"]
[EventCountry "GER"]
[SourceTitle "EXT 2013"]
[Source "ChessBase"]
[SourceDate "2012.11.22"]
[SourceVersion "1"]
[SourceVersionDate "2012.11.22"]
[SourceQuality "1"]

1. e4 e5 2. Nf3 Nc6 3. Bb5 a6 4. Ba4 Nge7 5. 0-0 g6 6. c3 b5 7. Bb3 Bg7 8. d4 exd4 9. cxd4 0-0 10. d5 Na5 11. Nbd2 d6 12. Bc2 Bg4 13. Rb1 Nb7 14. b4 Qd7 15. Bb2 f6 16. h3 Bxf3 17. Nxf3 Nd8 18. a4 Nf7 19. Nd4 Nd8 20. axb5 axb5 21. Bd3 f5 22. Bxb5 Qc8 23. Qd3 Rb8 24. f3 Qb7 25. Bc3 Qb6 26. Bc4 Nf7 27. Kh1 Ne5 28. Qe2 Nd7 29. Rfd1 f4 30. Ba1 Nf6 31. Kh2 Rfe8 32. Ne6 Bh8 33. Bd4 Qb7 34. Qb2 Nh5 35. Bxh8 Qb6 36. Ng7 Qxb4 37. Nxe8 1-0